Statystyki dla Kadra Podbeskidzia w ESA 2011/2012

Kliknij tutaj aby rozwiązać quiz!

Ogólne statystyki

  • Ten quiz został rozwiązany 18 razy
  • Średni wynik to 8 z 25

Statystyki odpowiedzi

pozycja#krajwartosc złpiłkarz% Poprawnych
B1SVK500 tysRichard Zajac
94%
N23SVK600 tysRobert Demjan
88%
O26POL500 tysBartłomiej Konieczny
75%
P10POL500 tysMarek Sokołowski
63%
O7SVK400 tysJuraj Dancik
56%
P14POL200 tysDamian Chmiel
50%
P8POL500 tysPiotr Malinowski
50%
N13POL500 tysSylwester Patejuk
50%
Trener-POL-Robert Kasperczyk
44%
O2POL250 tysTomasz Górkiewicz
44%
P9POL400 tysDariusz Kołodziej
38%
B12POL300 tysMateusz Bąk
38%
P28POL400 tysDariusz Łatka
25%
N16POL800 tysAdam Cieśliński
19%
P5POL500 tysMariusz Sacha
19%
O18POL400 tysSławomir Cienciała
19%
N24POL600 tysAdrian Sikora
13%
O17POL300 tysMichał Osiński
13%
P11POL400 tysSebastian Ziajka
13%
P19CZE400 tysFrantisek Metelka
6%
O6POL250 tysJacek Broniewicz
6%
P20POL700 tysMaciej Rogalski
6%
P22SVK700 tysMatej Nather
6%
O3CZE800 tysOndrej Sourek
0%
P21POL300 tysPiotr Koman
0%

Rozkład punktacji

Percentyl według liczby udzielonych odpowiedzi

Procent ludzi z każdym wynikiem

Twoja historia wyników

Nie rozwiązałeś tego quizu